Normal view
MARC view
Entry Personal Name
001 - CONTROL NUMBER
- control field: 28952
003 - CONTROL NUMBER IDENTIFIER
- control field: OSt
005 - DATE AND TIME OF LATEST TRANSACTION
- control field: 20260612120933.0
008 - FIXED-LENGTH DATA ELEMENTS
- fixed length control field: 260612|| aca||aabn | a|a d
040 ## - CATALOGING SOURCE
- Original cataloging agency: OSt
- Transcribing agency: OSt
100 ## - HEADING--PERSONAL NAME
- Personal name: Downing E. June
670 ## - SOURCE DATA FOUND
- Source citation: Work cat.: (OSt)24158: Downing E. June , Teaching Literacy to Students with Significant Disabilities, 2005
